[Event "SC Kreuzberg IM-Turnier 2018"]
[Site "Berlin"]
[Date "2018.08.13"]
[Round "8.3"]
[White "Meissner, Felix"]
[Black "Muse, Drazen"]
[Result "1-0"]
[WhiteElo "2330"]
[BlackElo "2361"]
[Annotator "Andreas Lange/BerlinBase_Referenz"]
[PlyCount "205"]
[EventDate "2018.08.06"]
[EventType "tourn"]
[EventRounds "9"]
[EventCountry "GER"]
[SourceTitle "SC Kreuzberg IM 2018"]
[Source "Andreas Lange"]
[SourceDate "2018.08.16"]
[SourceVersion "1"]
[SourceVersionDate "2018.08.16"]
[SourceQuality "1"]

{B01: Skandinavische Verteidigung} 1. e4 Nc6 2. d4 d5 3. exd5 Qxd5 4. Nf3 Bg4
5. Be2 e6 6. O-O Nf6 7. h3 (7. Bf4 Qd7 8. c3 Bd6 9. Bxd6 cxd6 10. Nbd2 O-O 11.
Nc4 b5 12. Ne3 Bxf3 13. Bxf3 d5 14. Ng4 Nxg4 15. Bxg4 b4 16. f4 bxc3 17. bxc3
g6 18. Qd2 Na5 19. f5 exf5 20. Bxf5 Qc6 21. Bc2 Kg7 {Silberring,P-Koelldorfer,
F, Vier-Staedte-Kampf DSB Berlin 1975 0-1 (44)}) 7... Bh5 8. c4 Qd6 9. Be3 Be7
10. Nbd2 O-O 11. Re1 Rfd8 12. Qb3 Qb4 13. Qc2 Bg6 14. Qc1 Qd6 15. c5 Qd7 16.
Bb5 Qc8 17. Bxc6 bxc6 18. Ne5 Qb7 19. Qc4 Nd7 20. Nxg6 hxg6 21. b4 a5 22. bxa5
Rxa5 23. Reb1 Qa7 24. a4 Ra8 25. Rb4 Nf6 26. Nb3 Ra6 27. a5 Nd5 28. Rba4 Qb7
29. Bd2 Qb5 30. Nc1 Rb8 31. Nd3 Bf6 32. Qc2 Qb3 33. Ne1 Qxc2 34. Nxc2 Rb5 35.
f4 Kf8 36. Kf1 Bh4 37. Ke2 Bg3 38. Rf1 Rb2 39. Rc4 f5 40. Rf3 Bh4 41. Ra3 Be7
42. g3 Ke8 43. Nb4 Nxb4 44. Rxb4 Rxb4 45. Bxb4 g5 46. Bd2 gxf4 47. Bxf4 Kd7 48.
h4 Bf6 49. Be5 Bxe5 50. dxe5 Ke7 51. Kf3 Kf7 52. h5 g5 53. hxg6+ Kxg6 54. Kf4
Kh5 55. Ra4 Kh6 56. Ke3 Kg6 57. Kd3 Kf7 58. Kc3 Ke7 59. Kb4 Ra8 60. a6 Rb8+ 61.
Kc3 Ra8 62. Ra1 Kd7 63. Kd4 Kc8 64. a7 Kd7 65. Ke3 Ke7 66. Kf4 Kf7 67. Ra6 Ke7
68. Kg5 Kf7 69. Kf4 Ke7 70. g4 fxg4 71. Kxg4 Kf7 72. Kf4 Ke7 73. Ra1 Kf7 74.
Ra2 Ke7 75. Kg5 Kf7 76. Rf2+ Ke7 77. Rh2 Rxa7 78. Rh7+ Kf8 79. Kf6 Kg8 80. Rg7+
Kf8 81. Rf7+ Kg8 82. Rg7+ Kf8 83. Rh7 Kg8 84. Rh1 Ra5 85. Rc1 Ra2 86. Kxe6 Re2
87. Rg1+ Kf8 88. Rf1+ Kg8 89. Rc1 Kf8 90. Rc3 Re1 91. Rc4 Re2 92. Rf4+ Kg8 93.
Kf6 Kf8 94. Rh4 Ke8 95. Rh8+ Kd7 96. Rh7+ Kd8 97. Rh1 Kd7 98. Rd1+ Ke8 99. Ke6
Rc2 100. Rh1 Kf8 101. Kd7 Rxc5 102. Rf1+ Kg7 103. e6 1-0

[Event "SC Kreuzberg IM-Turnier 2018"]
[Site "Berlin"]
[Date "2018.08.13"]
[Round "8.4"]
[White "Berger, Steve"]
[Black "Sandu, Mihaela"]
[Result "1-0"]
[WhiteElo "2428"]
[BlackElo "2268"]
[Annotator "Andreas Lange/BerlinBase_Referenz"]
[PlyCount "83"]
[EventDate "2018.08.06"]
[EventType "tourn"]
[EventRounds "9"]
[EventCountry "GER"]
[SourceTitle "SC Kreuzberg IM 2018"]
[Source "Andreas Lange"]
[SourceDate "2018.08.16"]
[SourceVersion "1"]
[SourceVersionDate "2018.08.16"]
[SourceQuality "1"]

{B80: Sizilianisch (Scheveninger System)} 1. e4 c5 2. Nc3 e6 3. Nge2 Nc6 4. g3
Nf6 5. Bg2 d6 6. d4 cxd4 7. Nxd4 Be7 8. Nxc6 bxc6 9. e5 Nd5 10. exd6 (10. Ne2
Ba6 11. O-O O-O 12. b3 Bb7 13. c4 Nb4 14. a3 Na6 15. b4 dxe5 16. Be3 Qc7 17.
Qc2 Nb8 18. Nc3 f5 19. c5 f4 20. Bd2 Ba6 21. Rfe1 Bc4 22. Qe4 Bd5 23. Qxe5 Qxe5
24. Rxe5 Bf6 {Welz,P (2175)-Knuth,H (2275) 2. Bundesliga Nord 1999/2000
Deutschland 2000 0-1 (54)}) 10... Qxd6 11. Ne4 Qc7 12. c4 (12. O-O O-O 13. c4
Nf6 14. Qf3 Ba6 15. b3 Nxe4 16. Qxe4 Bf6 17. Rb1 c5 18. Bf4 Qa5 19. Qe2 Rad8
20. h4 Qb6 21. Rbd1 Bb7 22. Bxb7 Qxb7 23. Bd6 Be7 24. Qe5 Bxd6 25. Rxd6 Rxd6
26. Qxd6 Qb6 {Welz,P (2220)-Tenner,H Oberliga Nordost 2001/01 Deutschland 2002
1-0}) 12... Nf6 13. O-O Nxe4 14. Bxe4 O-O 15. Re1 e5 16. Qa4 Bd7 17. Bd2 Bc5
18. Bb4 Bxb4 19. Qxb4 f5 20. Bg2 e4 21. Rad1 Be6 22. b3 Rad8 23. f3 f4 24. Rxd8
Qxd8 25. Rxe4 Bf5 26. Re2 Bd3 27. Re7 Qd4+ 28. Kh1 Qa1+ 29. Qe1 Qxa2 30. h4
fxg3 31. Qxg3 Qa1+ 32. Kh2 Qf6 33. Rxa7 h6 34. Rd7 Bc2 35. Rd6 Qe7 36. Rxh6
Bxb3 37. Rxc6 Bd1 38. Rc7 Qf6 39. f4 Kh8 40. c5 Rd8 41. Qg5 Qd4 42. Rxg7 1-0

[Event "SC Kreuzberg IM-Turnier 2018"]
[Site "Berlin"]
[Date "2018.08.13"]
[Round "8.5"]
[White "Barath, Madhan"]
[Black "Malek, Daniel"]
[Result "0-1"]
[WhiteElo "2307"]
[BlackElo "2383"]
[Annotator "Andreas Lange/BerlinBase_Referenz"]
[PlyCount "164"]
[EventDate "2018.08.06"]
[EventType "tourn"]
[EventRounds "9"]
[EventCountry "GER"]
[SourceTitle "SC Kreuzberg IM 2018"]
[Source "Andreas Lange"]
[SourceDate "2018.08.16"]
[SourceVersion "1"]
[SourceVersionDate "2018.08.16"]
[SourceQuality "1"]

{E24: Nimzoindisch (Sämisch-Variante)} 1. d4 Nf6 2. c4 e6 3. Nc3 Bb4 4. f3 c5
5. a3 Bxc3+ 6. bxc3 Nc6 7. e4 d6 8. Be3 b6 9. Bd3 e5 (9... Qd7 10. f4 e5 11.
fxe5 dxe5 12. d5 Na5 13. Nf3 Qd6 14. O-O Bg4 15. Qa4+ Bd7 16. Qc2 Ng4 17. Bc1
h5 18. h3 Nh6 19. Be3 O-O-O 20. Nh4 Qe7 21. Qf2 g5 22. Qf6 Qxf6 23. Rxf6 gxh4
24. Rxh6 {Wallinger,M-Lehmann,K (2325) 1. Bundesliga 1988/89 Deutschland 1988
1-0 (44)}) 10. d5 (10. Ne2 h6 11. d5 Na5 12. Ng3 g6 13. h4 Qd7 14. a4 h5 15.
Nf1 Ba6 16. Nd2 Ng8 17. O-O Nh6 18. Nb3 f6 19. Nxa5 bxa5 20. Qd2 Nf7 21. f4 Ke7
22. f5 Rag8 23. fxg6 Rxg6 24. Rf5 Bc8 {Padevsky,N-Fuchs,R
Mannschaftseuropameisterschaft Kapfenberg 1970 1-0 (49)}) 10... Ne7 11. Ne2 Ng6
12. Qd2 h6 13. g3 Bh3 14. Ng1 Bd7 15. h4 h5 16. Nh3 Qe7 17. a4 a5 18. Bg5 Kd8
19. Nf2 Kc7 20. f4 Nf8 21. O-O N8h7 22. fxe5 dxe5 23. Be3 Ne8 24. Rfb1 Ra6 25.
Nd1 Nd6 26. Qf2 Nb7 27. Bd2 g5 28. Ne3 gxh4 29. d6+ Qxd6 30. Nd5+ Kb8 31. gxh4
Rg8+ 32. Kh1 Qe6 33. Bf1 Rg6 34. Rb2 Nf6 35. Qf3 Ka7 36. Rab1 Nxd5 37. cxd5 Qe7
38. Bg5 f6 39. Qxh5 Qg7 40. Bxa6 fxg5 41. Bxb7 Rh6 42. Qf3 Kxb7 43. h5 g4 44.
Qe3 Ka6 45. Kg1 Rf6 46. Qd3+ Ka7 47. d6 Rf3 48. Qe2 Qf6 49. Qe1 Qf4 50. h6 Rg3+
51. Rg2 Rxg2+ 52. Kxg2 Qxh6 53. Rd1 Qh3+ 54. Kg1 Qf3 55. Qd2 Qxe4 56. Qd5 Qe3+
57. Kg2 Qh3+ 58. Kg1 Qg3+ 59. Qg2 Qxc3 60. Qd5 Qc2 61. Rf1 g3 62. Rf8 Qh2+ 63.
Kf1 g2+ 64. Qxg2 Qxg2+ 65. Kxg2 Kb7 66. Rf1 Bxa4 67. Rf7+ Kc6 68. d7 Kc7 69.
d8=Q+ Kxd8 70. Kf3 Bc6+ 71. Ke3 a4 72. Kd3 b5 73. Ra7 Kc8 74. Kc3 Kb8 75. Re7
e4 76. Re5 c4 77. Kb4 Kc7 78. Rg5 Kd6 79. Rh5 e3 80. Rh3 e2 81. Re3 Bf3 82.
Kxb5 c3 0-1

[Event "SC Kreuzberg IM-Turnier 2018"]
[Site "Berlin"]
[Date "2018.08.14"]
[Round "9.1"]
[White "Malek, Daniel"]
[Black "Brunello, Marina"]
[Result "1-0"]
[WhiteElo "2383"]
[BlackElo "2280"]
[Annotator "Andreas Lange/BerlinBase_Referenz"]
[PlyCount "71"]
[EventDate "2018.08.06"]
[EventType "tourn"]
[EventRounds "9"]
[EventCountry "GER"]
[SourceTitle "SC Kreuzberg IM 2018"]
[Source "Andreas Lange"]
[SourceDate "2018.08.16"]
[SourceVersion "1"]
[SourceVersionDate "2018.08.16"]
[SourceQuality "1"]

{A20: Englische Eröffnung} 1. c4 e5 2. g3 Nf6 3. Bg2 c6 4. Nf3 e4 5. Nd4 d5 6.
d3 Bc5 (6... Bb4+ 7. Bd2 Bxd2+ (7... Qb6 8. Bxb4 Qxb4+ 9. Qd2 Qxd2+ 10. Kxd2
exd3 11. cxd5 dxe2 12. dxc6 bxc6 13. Nc3 O-O 14. Ncxe2 Rd8 15. Rhc1 Ba6 16. Ke1
Re8 17. b4 Ne4 18. a4 Nd7 19. Rxc6 Bd3 20. f3 Bxe2 21. Kxe2 Nxg3+ 22. Kf2 {
Laznicka,V (2671)-Sprenger,J (2496) 1. Bundesliga 2017/18 Deizisau 2018 1-0 
(41)}) 8. Qxd2 O-O 9. cxd5 cxd5 10. Nc3 exd3 11. Qxd3 Nc6 12. O-O Qb6 13. Nxc6
bxc6 14. Qd2 Be6 15. Rfc1 Qa5 16. Rc2 Rfd8 17. Ne4 Qxd2 18. Nxd2 Rab8 19. b3
Rd6 20. Rac1 Bd7 21. Nf3 {Swiercz,D (2620)-Stefansson,H (2602) Berlin Meierei
Bolle Blitz-WM 2015 1-0 (70)}) (6... dxc4 7. dxe4 Bc5 8. e3 Bg4 9. Qc2 Nbd7 10.
h3 Bh5 11. f4 h6 12. Qxc4 Bxd4 13. Qxd4 Nb6 14. Qe5+ Qe7 15. Qxe7+ Kxe7 16. Nc3
(16. f5 $1 $18 g5 17. g4 Bxg4 18. hxg4 Nxg4 $18) 16... Rhd8 17. g4 Bg6 18. Bd2
h5 19. Bf3 h4 20. O-O-O Nc4 21. Be1 {Hesse,H (2120)-Huels,M (1805) Berlin
Lichtenrader Herbst 2017 1-0}) 7. Nb3 Bb6 8. cxd5 cxd5 9. O-O Bf5 10. Nc3 Nbd7
11. Nxd5 exd3 12. exd3 Nxd5 13. Bxd5 O-O 14. Bxb7 Ne5 15. d4 Bg4 16. f3 Rb8 17.
fxg4 Rxb7 18. Be3 Nc4 19. Qe2 Qd5 20. Bf2 f5 21. Rac1 Nd6 22. Qe5 Qxe5 23. dxe5
Bxf2+ 24. Rxf2 Ne4 25. Rxf5 h6 26. Kg2 Rd8 27. h4 a5 28. Re1 a4 29. Rxe4 axb3
30. a3 Rc7 31. Rf2 Rc2 32. Rxc2 bxc2 33. Rc4 Rd2+ 34. Kf3 c1=Q 35. Rxc1 Rxb2
36. Ra1 1-0

[Event "SC Kreuzberg IM-Turnier 2018"]
[Site "Berlin"]
[Date "2018.08.14"]
[Round "9.2"]
[White "Sandu, Mihaela"]
[Black "Barath, Madhan"]
[Result "1-0"]
[WhiteElo "2268"]
[BlackElo "2307"]
[Annotator "Andreas Lange/BerlinBase_Referenz"]
[PlyCount "85"]
[EventDate "2018.08.06"]
[EventType "tourn"]
[EventRounds "9"]
[EventCountry "GER"]
[SourceTitle "SC Kreuzberg IM 2018"]
[Source "Andreas Lange"]
[SourceDate "2018.08.16"]
[SourceVersion "1"]
[SourceVersionDate "2018.08.16"]
[SourceQuality "1"]

{B92: Sizilianisch (Najdorf-Variante mit 6.Le2)} 1. e4 c5 2. Nf3 d6 3. d4 cxd4
4. Nxd4 Nf6 5. Nc3 a6 6. Be2 e5 7. Nb3 Be7 8. O-O O-O 9. Be3 Be6 10. Qd2 Nbd7
11. a4 Nb6 (11... Qc7 {0-1 (77) Rettore,L (2144)-Hansen,T (2458) Berlin
Lichtenrader Herbst 2012}) (11... Rc8 {1-0 (73) Rettore,L (2113)-Bekker Jensen,
D (2321) Berlin Lichtenrader Herbst 2013}) 12. a5 Nc4 13. Bxc4 Bxc4 14. Rfd1
Rc8 15. f3 Rc6 16. Kh1 Nh5 17. Nc1 Qc8 18. Na4 f5 19. Nb6 Rxb6 20. axb6 fxe4
21. fxe4 Bh4 22. Nd3 Qg4 23. Rf1 Nf6 24. Rf3 Qxe4 25. Bg5 Bxg5 26. Qxg5 Bd5 27.
Raf1 h6 28. Qg3 Kh7 29. Qf2 Ng4 30. Qg3 Rxf3 31. Qxf3 Qxf3 32. gxf3 Ne3 33. Rf2
Ng4 34. Rf1 Ne3 35. Rf2 Ng4 36. Rd2 Bxf3+ 37. Kg1 Nf6 38. Ne1 Bc6 39. Rxd6 Nd7
40. Nd3 a5 41. Rxd7 Bxd7 42. Nxe5 Be6 43. c4 1-0

[Event "SC Kreuzberg IM-Turnier 2018"]
[Site "Berlin"]
[Date "2018.08.14"]
[Round "9.3"]
[White "Muse, Drazen"]
[Black "Berger, Steve"]
[Result "1/2-1/2"]
[WhiteElo "2361"]
[BlackElo "2428"]
[Annotator "Andreas Lange/BerlinBase_Referenz"]
[PlyCount "23"]
[EventDate "2018.08.06"]
[EventType "tourn"]
[EventRounds "9"]
[EventCountry "GER"]
[SourceTitle "SC Kreuzberg IM 2018"]
[Source "Andreas Lange"]
[SourceDate "2018.08.16"]
[SourceVersion "1"]
[SourceVersionDate "2018.08.16"]
[SourceQuality "1"]

{D41: Damengambit (Verbesserte Tarrasch-Verteidigung)} 1. d4 e6 2. Nf3 Nf6 3.
c4 d5 4. Nc3 c5 5. cxd5 Nxd5 6. e4 Nxc3 7. bxc3 cxd4 8. cxd4 Bb4+ 9. Bd2 Bxd2+
10. Qxd2 {Dass hier weiter elektronisch Züge notiert wurden liegt daran, dass
nach 10. Dxd2 der Handschlag erfolgte und Drazen Muse sofort mit dem
Zurückstellen der Figuren in die Grundstellung begann.} Z0 ({Eine häufige
Variante beginnt mit} 10... O-O 11. Rc1) 11. Qd1 Z0 12. Ng1 1/2-1/2

[Event "SC Kreuzberg IM-Turnier 2018"]
[Site "Berlin"]
[Date "2018.08.14"]
[Round "9.4"]
[White "Moritz, Aron"]
[Black "Meissner, Felix"]
[Result "0-1"]
[WhiteElo "2199"]
[BlackElo "2330"]
[Annotator "Andreas Lange/BerlinBase_Referenz"]
[PlyCount "110"]
[EventDate "2018.08.06"]
[EventType "tourn"]
[EventRounds "9"]
[EventCountry "GER"]
[SourceTitle "SC Kreuzberg IM 2018"]
[Source "Andreas Lange"]
[SourceDate "2018.08.16"]
[SourceVersion "1"]
[SourceVersionDate "2018.08.16"]
[SourceQuality "1"]

{B56: Sizilianisch (Abweichung von Sozin- und Richter/Rauser-Variante)} 1. e4
c5 2. Nf3 d6 3. d4 cxd4 4. Nxd4 Nf6 5. Nc3 Nbd7 6. g3 (6. Be3 a6 7. f3 h5 8.
Qd2 e6 9. h3 b5 10. Rg1 h4 11. Bg5 Qb6 12. O-O-O Be7 13. Qe1 b4 14. Nb1 e5 15.
Nf5 Qxg1 16. Be3 Qh2 17. Qd2 d5 18. Nxe7 Kxe7 19. Qxb4+ Ke8 20. exd5 Rb8 21.
Qd6 Qg3 22. Nd2 Bb7 23. c4 Rc8 24. Kb1 Qg6+ 25. Ka1 Rh6 26. Bxh6 Qxh6 27. Nb3
Qe3 28. Qb4 Qb6 29. Qe1 Kf8 30. Qxh4 Kg8 31. Qe1 Nc5 32. Nxc5 Qxc5 33. a3 Re8
34. Bd3 a5 35. g4 Ba6 36. g5 Nh5 37. g6 Nf4 38. gxf7+ Kxf7 39. Bf1 Bc8 40. h4
Bf5 41. Qc3 Kf6 42. Qe1 Rb8 43. Qg3 g6 44. Qg5+ Kf7 45. d6 Rb7 46. h5 Qf2 47.
hxg6+ Ke6 48. b4 Qxf3 {0-1 (48) Lagunow,A (2399)-Meissner,F (2352) 2.
Bundesliga Nord 2017/18 Berlin 2017}) 6... a6 7. a4 b6 8. Bg2 Bb7 9. O-O e6 10.
Re1 Rb8 11. f4 h5 12. h3 Qc7 13. Nd5 exd5 14. exd5+ Be7 15. Nf5 Ng8 16. Nxg7+
Kf8 17. Nf5 Bf6 18. Ra3 Ne7 19. Nxe7 Bxe7 20. Rc3 Qd8 21. Rce3 Bf6 22. g4 Bh4
23. Rf1 b5 24. axb5 hxg4 25. hxg4 Qb6 26. bxa6 Bxa6 27. Rff3 Re8 28. g5 Kg7 29.
b3 f6 30. Bh3 Nf8 31. Kg2 Ng6 32. Be6 Rh5 33. Re4 Reh8 34. Bg4 R5h7 35. Be3 Qc7
36. Bd4 Rf8 37. Re6 Bc8 38. Rxf6 Bxg4 39. Rxd6+ Kf7 40. Rf6+ Ke8 41. Re3+ Re7
42. Rxf8+ Kxf8 43. Qxg4 Qxc2+ 44. Kh3 Rh7 45. Bg7+ Rxg7 46. f5 Qd2 47. Qf3 Rf7
48. d6 Bxg5 49. Qa8+ Kg7 50. Qa1+ Kh6 51. Re6 Qd3+ 52. Kg2 Qd5+ 53. Kg1 Qxf5
54. Qe1 Qg4+ 55. Kh1 Rh7 0-1

[Event "SC Kreuzberg IM-Turnier 2018"]
[Site "Berlin"]
[Date "2018.08.14"]
[Round "9.5"]
[White "Kalinitschew, Sergey"]
[Black "Glantz, Robert"]
[Result "1/2-1/2"]
[WhiteElo "2430"]
[BlackElo "2336"]
[Annotator "Andreas Lange/BerlinBase_Referenz"]
[PlyCount "108"]
[EventDate "2018.08.06"]
[EventType "tourn"]
[EventRounds "9"]
[EventCountry "GER"]
[SourceTitle "SC Kreuzberg IM 2018"]
[Source "Andreas Lange"]
[SourceDate "2018.08.16"]
[SourceVersion "1"]
[SourceVersionDate "2018.08.16"]
[SourceQuality "1"]

{E07: Katalanisch} 1. d4 Nf6 2. g3 e6 3. Bg2 d5 4. c4 Be7 5. Nf3 O-O 6. O-O c6
7. Nbd2 Nbd7 8. b3 b6 9. Bb2 Bb7 10. Rc1 Rc8 11. e3 dxc4 12. Nxc4 c5 (12... Rc7
13. Qe2 c5 14. Rfd1 Qa8 15. dxc5 Bxc5 16. Nd6 Bxd6 17. Rxd6 Rxc1+ 18. Bxc1 Rc8
19. Rd1 Nc5 20. Bb2 Nce4 21. Ne1 h6 22. Qf3 Nc5 23. Qf4 Bxg2 24. Bxf6 Bh3 25.
Bd4 Bf5 26. g4 Bg6 27. f3 {Vogel,R (2262)-Luebke,T (1936) Berlin Lichtenberger
Sommer 2014 ½-½ (31)}) 13. Qe2 b5 14. Nce5 Qb6 15. Rfd1 Rfd8 16. dxc5 Bxc5
17. Nxd7 Rxd7 18. Rxd7 Nxd7 19. Ng5 h6 20. Qd3 Nf8 21. Ne4 Bxe4 22. Qxe4 Rc7
23. h4 Nd7 24. b4 Bd6 25. Rc6 Rxc6 26. Qxc6 Qxc6 27. Bxc6 Nb6 28. a3 Nc4 29.
Bc1 a6 30. Kf1 Kf8 31. Ke2 Ke7 32. Bb7 a5 33. bxa5 Nxa5 34. Ba6 b4 35. Bd2 Nc6
36. Bb5 Na7 37. a4 Nxb5 38. axb5 b3 39. Kd3 Ba3 40. Ba5 Kd6 41. Kc3 b2 42. Kc2
Kc5 43. b6 Kc6 44. h5 Bc5 45. Bc3 f6 46. Bxb2 Bxb6 47. Ba3 Bc5 48. Bxc5 Kxc5
49. Kd3 Kd5 50. e4+ Kc5 51. Kc3 e5 52. f4 Kb5 53. Kb3 Kc5 54. Kc3 Kb5 1/2-1/2